[Event "TATA 14th IBCA Olympiad"]
[Site "Chennai IND"]
[Date "2012.08.12"]
[Round "3.2"]
[White "Palacios Perez, Manuel"]
[Black "Pakhomov, Alexey"]
[Result "1/2-1/2"]
[BlackTitle "IM"]
[WhiteElo "2166"]
[BlackElo "2416"]
[WhiteTeam "Spain"]
[BlackTeam "Russia"]
[WhiteFideId "2205505"]
[BlackFideId "4129016"]
[EventDate "2012.08.10"]
[EventType "team"]

1. d4 d5 2. Nf3 Bf5 3. c4 e6 4. Nc3 c6 5. Qb3 Qb6 6. Bf4 dxc4 7. Qxb6 axb6 8. e4
Bg6 9. Bxc4 Nf6 10. Nd2 Bb4 11. f3 b5 12. Bb3 O-O 13. Ke2 Rd8 14. Be3 Nbd7 15.
Rac1 e5 16. Rhd1 exd4 17. Bxd4 Re8 18. Nf1 Ne5 19. Ne3 Nfd7 20. a3 Bf8 21. Kf1
Nc5 22. Bc2 Nc4 23. Nxc4 bxc4 24. Bxc5 Bxc5 25. Rd7 b5 26. Rcd1 Bb6 27. R1d6
Rac8 28. Rb7 Bc5 29. Rdd7 Kf8 30. Rbc7 Bb6 31. Rb7 Rb8 32. Ne2 Rxb7 33. Rxb7 Be3
34. a4 Ra8 35. Nc3 Bd4 36. axb5 Bxc3 37. bxc3 cxb5 38. Rxb5 Ra2 39. Bd1 Ra3 40.
Ke2 Rxc3 41. Rb2 f5 42. Rc2 Ra3 43. Rxc4 fxe4 44. fxe4 Ra2+ 45. Kf3 Rd2 46. Ba4
Ke7 47. Rc7+ Kf6 48. e5+ Kxe5 49. Rxg7 Ra2 50. Bc6 Ra6 51. Bb5 Rb6 52. Be2 Rb2
53. Re7+ Kf6 54. Re3 1/2-1/2

[Event "TATA 14th IBCA Olympiad"]
[Site "Chennai IND"]
[Date "2012.08.12"]
[Round "3.3"]
[White "Smirnov, Sergei1"]
[Black "Enjuto Velasco, Roberto"]
[Result "1/2-1/2"]
[WhiteElo "2333"]
[BlackElo "2132"]
[WhiteTeam "Russia"]
[BlackTeam "Spain"]
[WhiteFideId "4120884"]
[BlackFideId "2207320"]
[EventDate "2012.08.10"]
[EventType "team"]

1. d4 Nf6 2. c4 g6 3. Nf3 Bg7 4. g3 O-O 5. Bg2 d5 6. cxd5 Nxd5 7. O-O Nb6 8. Nc3
Nc6 9. e3 e5 10. d5 e4 11. dxc6 Qxd1 12. Rxd1 exf3 13. Bxf3 bxc6 14. Rb1 Be6 15.
Bxc6 Rad8 16. Bd2 Nc4 17. Be1 Rxd1 18. Nxd1 Ne5 19. Be4 f5 20. Bg2 Bxa2 21. Ra1
Bb3 22. Ba5 Rd8 23. Nc3 Rd2 24. Bxc7 Nd3 25. Bd5+ Bxd5 26. Nxd5 Nxf2 27. Nf4 Ng4
28. Rxa7 Nxe3 29. Ba5 Rxb2 30. Ra8+ Kf7 31. Ra7+ Kg8 32. Ra8+ 1/2-1/2

[Event "TATA 14th IBCA Olympiad"]
[Site "Chennai IND"]
[Date "2012.08.12"]
[Round "3.4"]
[White "Fernandez Manrique, Agustin"]
[Black "Krylov, Sergey"]
[Result "1/2-1/2"]
[BlackTitle "IM"]
[WhiteElo "2170"]
[BlackElo "2337"]
[WhiteTeam "Spain"]
[BlackTeam "Russia"]
[WhiteFideId "2231000"]
[BlackFideId "4108809"]
[EventDate "2012.08.10"]
[EventType "team"]

1. Nf3 Nf6 2. c4 e6 3. g3 b6 4. Bg2 Bb7 5. O-O Be7 6. Nc3 O-O 7. Re1 Ne4 8. Nxe4
Bxe4 9. d3 Bb7 10. Bd2 c5 11. Bc3 d5 12. e3 Bf6 13. Bxf6 Qxf6 14. b3 dxc4 15.
bxc4 Rd8 16. Qe2 Nc6 17. Red1 Rd7 18. Ne1 Rad8 19. Rab1 Na5 20. Bxb7 Rxb7 21.
Rdc1 Rbd7 22. Rb2 Nc6 1/2-1/2

[Event "TATA 14th IBCA Olympiad"]
[Site "Chennai IND"]
[Date "2012.08.12"]
[Round "3.1"]
[White "Crouch, Colin S"]
[Black "Dukaczewski, Piotr"]
[Result "1-0"]
[WhiteTitle "IM"]
[BlackTitle "IM"]
[WhiteElo "2373"]
[BlackElo "2228"]
[WhiteTeam "UK"]
[BlackTeam "Poland"]
[WhiteFideId "400947"]
[BlackFideId "1103520"]
[EventDate "2012.08.10"]
[EventType "team"]

1. d4 d5 2. c4 dxc4 3. Nf3 Nf6 4. e3 e6 5. Bxc4 c5 6. O-O a6 7. a3 b5 8. Ba2 Bb7
9. Nc3 Nbd7 10. Qe2 Qb6 11. Rd1 Rd8 12. Bd2 Be7 13. Rac1 O-O 14. Be1 Qa7 15.
dxc5 Nxc5 16. Nd4 Nd5 17. Nxd5 exd5 18. Nf5 Bd6 19. Bc3 Ne6 20. Qg4 h5 21. Qxh5
Rfe8 22. Bb1 d4 23. Nxd4 g6 24. Bxg6 fxg6 25. Qxg6+ Ng7 26. Nxb5 Be4 27. Qxe8+
Nxe8 28. Nxa7 Ra8 29. Bd4 Kf7 30. Nc6 Ke6 31. Na5 Nc7 32. f3 1-0

[Event "TATA 14th IBCA Olympiad"]
[Site "Chennai IND"]
[Date "2012.08.12"]
[Round "3.2"]
[White "Stachanczyk, Jacek"]
[Black "Ross, Chris N"]
[Result "0-1"]
[WhiteElo "2256"]
[BlackElo "2231"]
[WhiteTeam "Poland"]
[BlackTeam "UK"]
[WhiteFideId "1116657"]
[BlackFideId "410411"]
[EventDate "2012.08.10"]
[EventType "team"]

1. e4 c5 2. Nf3 e6 3. d4 cxd4 4. Nxd4 a6 5. Nc3 Qc7 6. Bd3 Nf6 7. O-O Nc6 8. Be3
b5 9. Nxc6 Qxc6 10. f3 Bb7 11. Qe1 Qc7 12. Bd4 e5 13. Be3 Be7 14. a4 b4 15. Na2
a5 16. c3 b3 17. Nc1 d5 18. Nxb3 dxe4 19. fxe4 O-O 20. Nd2 Ng4 21. Kh1 Qd8 22.
Bb5 Nxe3 23. Qxe3 Bg5 24. Qg3 Bxd2 25. Qxe5 Qh4 26. Rad1 Rad8 0-1

[Event "TATA 14th IBCA Olympiad"]
[Site "Chennai IND"]
[Date "2012.08.12"]
[Round "3.3"]
[White "Hilton, Stephen H"]
[Black "Gunajew, Rafal"]
[Result "0-1"]
[BlackTitle "FM"]
[WhiteElo "1928"]
[BlackElo "2260"]
[WhiteTeam "UK"]
[BlackTeam "Poland"]
[WhiteFideId "415030"]
[BlackFideId "1116037"]
[EventDate "2012.08.10"]
[EventType "team"]

1. d4 d5 2. c4 e6 3. Nf3 c6 4. Qc2 Nd7 5. cxd5 exd5 6. Nc3 Ngf6 7. Bg5 Be7 8. e3
O-O 9. Bd3 Re8 10. O-O Nf8 11. Rab1 Ne4 12. Bxe7 Qxe7 13. b4 a6 14. a4 Ng6 15.
Nd2 f5 16. b5 axb5 17. axb5 Nh4 18. Ne2 Bd7 19. bxc6 bxc6 20. Rb7 Nd6 21. Rb2
Rf8 22. Nb3 Rf6 23. Nc5 Be8 24. Rfb1 Rh6 25. Ng3 Qc7 26. Na6 Qa5 27. Ra2 Qd8 28.
Rab2 Nb5 29. Bxb5 cxb5 30. Nb4 Rc8 31. Qb3 Rc4 32. Nd3 Ra6 33. Ne5 Rca4 34. Qc2
f4 35. Nf5 Nxf5 36. Qxf5 Rf6 37. Qg4 fxe3 38. fxe3 Qa5 39. Qc8 Qa8 40. Qxa8 Rxa8
41. Rf1 Ra3 42. Re1 h6 43. Rf2 Rxf2 44. Kxf2 b4 45. Rc1 Kh7 46. Rc8 Bb5 47. h4
h5 48. Nf3 b3 49. Ng5+ Kg6 50. Rd8 Bc4 51. Rd6+ Kf5 52. Rb6 Ra2+ 53. Kg3 b2 54.
Rb7 Bd3 0-1

[Event "TATA 14th IBCA Olympiad"]
[Site "Chennai IND"]
[Date "2012.08.12"]
[Round "3.1"]
[White "Mueller, Oliver"]
[Black "Grigorchuk, Sergey"]
[Result "1/2-1/2"]
[WhiteTitle "FM"]
[WhiteElo "2265"]
[BlackElo "2302"]
[WhiteTeam "Germany"]
[BlackTeam "Ukraine"]
[WhiteFideId "4633385"]
[BlackFideId "14114879"]
[EventDate "2012.08.10"]
[EventType "team"]

1. d4 Nf6 2. c4 e6 3. Nf3 Bb4+ 4. Bd2 Qe7 5. g3 Nc6 6. Nc3 Bxc3 7. Bxc3 Ne4 8.
Rc1 d6 9. d5 Nxc3 10. Rxc3 Nb8 11. Bg2 e5 12. b4 O-O 13. O-O Nd7 14. Qc2 b6 15.
Nd2 a5 16. a3 Bb7 17. Rb1 axb4 18. axb4 Ra7 19. Nb3 Nf6 20. Nd2 Rfa8 21. Ne4 Ne8
22. Rcb3 Bc8 23. Nc3 Bd7 24. R3b2 Ra1 25. Qc1 Rxb1 26. Rxb1 h6 27. c5 Qg5 28. e3
Qg4 29. c6 Bc8 30. h3 Qg5 31. Ra1 Rxa1 32. Qxa1 Bf5 33. Qa8 Kf8 34. Nb5 Qe7 35.
e4 Bg6 36. Qc8 Bh5 37. f3 g5 38. Qd7 Bg6 39. Kh2 h5 40. Na7 h4 41. gxh4 gxh4 42.
Nb5 Qg5 43. Nxc7 Qf4+ 44. Kg1 Qe3+ 45. Kh1 Qc1+ 46. Kh2 Qf4+ 47. Kg1 Qe3+ 1/2-1/2

[Event "TATA 14th IBCA Olympiad"]
[Site "Chennai IND"]
[Date "2012.08.12"]
[Round "3.2"]
[White "Shepelev, Igor"]
[Black "Riegler, Dieter"]
[Result "1/2-1/2"]
[WhiteElo "2117"]
[BlackElo "2132"]
[WhiteTeam "Ukraine"]
[BlackTeam "Germany"]
[WhiteFideId "14114909"]
[BlackFideId "4606426"]
[EventDate "2012.08.10"]
[EventType "team"]

1. d4 Nf6 2. Nf3 g6 3. b4 Bg7 4. Bb2 c6 5. Nbd2 a5 6. a3 d5 7. e3 axb4 8. axb4
Rxa1 9. Qxa1 O-O 10. b5 Bf5 11. c4 cxb5 12. cxb5 Nbd7 13. Be2 Ne4 14. O-O Nxd2
15. Nxd2 Qb6 16. Rc1 Nf6 17. Qa3 Re8 18. Nb3 Ne4 19. Nc5 Rc8 20. Nxe4 Rxc1+ 21.
Bxc1 Bxe4 22. f3 Bf5 23. Qa8+ Bf8 24. e4 Qxd4+ 25. Kf1 Qc3 26. Bh6 Bc8 27. Bxf8
Qc1+ 28. Kf2 Qc5+ 1/2-1/2

[Event "TATA 14th IBCA Olympiad"]
[Site "Chennai IND"]
[Date "2012.08.12"]
[Round "3.3"]
[White "Schellmann, Frank"]
[Black "Konev, Victor"]
[Result "1-0"]
[WhiteTitle "CM"]
[WhiteElo "2110"]
[BlackElo "2128"]
[WhiteTeam "Germany"]
[BlackTeam "Ukraine"]
[WhiteFideId "4669916"]
[BlackFideId "14111764"]
[EventDate "2012.08.10"]
[EventType "team"]

1. e4 e6 2. d4 d5 3. e5 c5 4. c3 Qb6 5. Nf3 Nc6 6. a3 Bd7 7. b4 cxd4 8. cxd4 Rc8
9. Bb2 Na5 10. Nbd2 Ne7 11. Rc1 Nf5 12. Rxc8+ Bxc8 13. Qc2 Nc6 14. Nb3 a6 15.
Bd3 g6 16. O-O Be7 17. Qd2 h5 18. Nc5 Kf8 19. Rb1 Kg7 20. Bc3 Qa7 21. Qb2 Rd8
22. Bd2 Bd7 23. Rc1 Be8 24. h3 Qb6 25. Na4 Qa7 26. Nc5 Qb6 27. Na4 Qa7 28. Nc5
a5 29. Bxf5 gxf5 30. b5 Nxe5 31. Nxe5 Qb8 32. Bf4 Bd6 33. Qb3 b6 34. Qg3+ Kh7
35. Na6 Qb7 36. a4 f6 37. Nd3 Bxf4 38. Qxf4 Qe7 39. Rc7 Bd7 40. Qh4 Kg6 41. Nf4+
Kf7 42. Rb7 Rc8 43. Nb8 1-0

[Event "TATA 14th IBCA Olympiad"]
[Site "Chennai IND"]
[Date "2012.08.12"]
[Round "3.4"]
[White "Yatsishin, Ivan"]
[Black "Pohlers, Juergen"]
[Result "0-1"]
[WhiteElo "2137"]
[BlackElo "1991"]
[WhiteTeam "Ukraine"]
[BlackTeam "Germany"]
[WhiteFideId "14107643"]
[BlackFideId "4619579"]
[EventDate "2012.08.10"]
[EventType "team"]

1. e4 c5 2. Nf3 Nc6 3. d4 cxd4 4. Nxd4 g6 5. h4 Bg7 6. Nb3 Nf6 7. Nc3 d6 8. Be2
h5 9. Bg5 Be6 10. Qd2 a6 11. O-O-O Bxb3 12. axb3 Qa5 13. Kb1 Nb4 14. Qe3 Rc8 15.
Bd3 Ng4 16. Qe1 Rxc3 17. bxc3 Nxf2 18. Kc1 Na2+ 19. Kd2 Bxc3+ 20. Ke2 Bxe1 21.
Rdxe1 Nxh1 22. Rxh1 Nc3+ 23. Kf3 Nb5 24. Rf1 Nd4+ 25. Kg3 Ne6 26. Be3 Qe5+ 27.
Kh3 g5 28. Rf5 g4# 0-1

[Event "TATA 14th IBCA Olympiad"]
[Site "Chennai IND"]
[Date "2012.08.12"]
[Round "3.1"]
[White "Krishna, Udupa"]
[Black "Nizam, Rasim"]
[Result "0-1"]
[BlackTitle "IM"]
[WhiteElo "1885"]
[BlackElo "2232"]
[WhiteTeam "India - A"]
[BlackTeam "Bulgaria"]
[WhiteFideId "5014875"]
[BlackFideId "2906708"]
[EventDate "2012.08.10"]
[EventType "team"]

1. d4 d5 2. Nf3 Nf6 3. e3 c6 4. Bd3 Bg4 5. c4 Nbd7 6. Qb3 Bxf3 7. gxf3 Qc7 8.
Nc3 e6 9. Bd2 Nb6 10. c5 Nbd7 11. f4 b6 12. cxb6 axb6 13. a3 Be7 14. Ke2 O-O 15.
Rag1 c5 16. Qd1 cxd4 17. Nb5 Qb7 18. Nxd4 Nc5 19. Bc3 Nce4 20. Nb5 Nxc3+ 21.
Nxc3 Rac8 22. Nb5 Rfd8 23. h4 Ne4 24. f3 Nc5 25. h5 Nxd3 26. Qxd3 Bf6 27. Nd4 h6
28. Rc1 Rc7 29. Kd2 Rdc8 30. Rxc7 Qxc7 31. Nb5 Qd7 32. b4 Rc4 33. Nd4 Bxd4 34.
exd4 Qc7 35. Rh4 Rc1 36. Qb3 Rf1 37. Rh2 Qc1+ 38. Ke2 Qe1+ 39. Kd3 Rxf3+ 40. Kc2 0-1

[Event "TATA 14th IBCA Olympiad"]
[Site "Chennai IND"]
[Date "2012.08.12"]
[Round "3.1"]
[White "Vrioni, Bersan"]
[Black "Dimic, Pavle"]
[Result "0-1"]
[BlackTitle "FM"]
[WhiteElo "1855"]
[BlackElo "2155"]
[WhiteTeam "Italy"]
[BlackTeam "Serbia"]
[WhiteFideId "805351"]
[BlackFideId "937428"]
[EventDate "2012.08.10"]
[EventType "team"]

1. d4 Nf6 2. c4 g6 3. Nf3 Bg7 4. Nc3 d6 5. e4 O-O 6. Be2 e5 7. dxe5 dxe5 8. Qxd8
Rxd8 9. Bg5 Re8 10. O-O-O h6 11. Bh4 Bg4 12. h3 Bxf3 13. Bxf3 Nc6 14. Bxf6 Bxf6
15. Ne2 Rad8 16. Kc2 Be7 17. a3 Bc5 18. Rxd8 Rxd8 19. Rf1 Bd4 20. Nc1 Kf8 21.
Be2 Ke7 22. Bd3 Ke6 23. Ne2 Ke7 24. f3 h5 25. b4 a5 26. b5 Nb8 27. Nxd4 Rxd4 28.
Be2 Kd6 29. Rd1 Kc5 30. Kc3 Nd7 31. g3 Nb6 32. Rxd4 exd4+ 33. Kb3 a4+ 34. Ka2
Nxc4 0-1

[Event "TATA 14th IBCA Olympiad"]
[Site "Chennai IND"]
[Date "2012.08.12"]
[Round "3.2"]
[White "Jandric, Damjan"]
[Black "Casadei, Marco"]
[Result "1-0"]
[WhiteTitle "CM"]
[WhiteElo "2055"]
[BlackElo "1803"]
[WhiteTeam "Serbia"]
[BlackTeam "Italy"]
[WhiteFideId "921475"]
[BlackFideId "847542"]
[EventDate "2012.08.10"]
[EventType "team"]

1. e4 c5 2. Nf3 d6 3. c3 Nf6 4. h3 Nc6 5. Bd3 e6 6. Bc2 Be7 7. O-O O-O 8. d4
cxd4 9. cxd4 Nb4 10. Nc3 Nxc2 11. Qxc2 Qc7 12. Bf4 Bd7 13. Rac1 Rac8 14. Qb1 Qa5
15. Rc2 Rc4 16. Rfc1 Rfc8 17. Bd2 Qc7 18. Re1 Qd8 19. b3 R4c7 20. Rec1 d5 21. e5
Ne8 22. Qb2 g6 23. Bf4 Ng7 24. g4 b5 25. b4 a6 26. a3 Rc6 27. Kg2 Rc4 28. Nd2
R4c6 29. Nb3 R6c7 30. Nc5 Rc6 31. Ne2 Bxc5 32. dxc5 Qf8 33. Nd4 R6c7 34. Qb3 Bc6
35. Qe3 Ne8 36. h4 Ng7 37. Rh1 Qe7 38. Rh3 Kf8 39. Bh6 Kg8 40. Bg5 Qd7 41. Rc1
h5 42. f3 Kh7 43. Bf6 Rg8 44. Bxg7 Rxg7 45. Qg5 Bb7 46. Kf2 Qe7 47. gxh5 Qxg5
48. hxg5 gxh5 49. Rxh5+ Kg8 50. Rch1 Kf8 51. f4 Bc6 52. Rh8+ Rg8 53. g6 Bd7 54.
gxf7 Kxf7 55. R1h7+ Rg7 56. Rxg7+ Kxg7 57. Rd8 Bc8 58. Ke3 Kf7 59. Kf3 Bd7 60.
Kg4 Kg6 61. Rf8 1-0

[Event "TATA 14th IBCA Olympiad"]
[Site "Chennai IND"]
[Date "2012.08.12"]
[Round "3.3"]
[White "Pugliese, Giuseppe"]
[Black "Avram, Sretko"]
[Result "0-1"]
[BlackTitle "FM"]
[WhiteElo "1786"]
[BlackElo "2217"]
[WhiteTeam "Italy"]
[BlackTeam "Serbia"]
[WhiteFideId "821063"]
[BlackFideId "925314"]
[EventDate "2012.08.10"]
[EventType "team"]

1. e4 c5 2. Nf3 d6 3. c3 Nf6 4. Be2 Nc6 5. d4 Qc7 6. O-O g6 7. d5 Nb8 8. h3 Bg7
9. Bf4 O-O 10. e5 dxe5 11. Bxe5 Qb6 12. Nbd2 Nbd7 13. Nc4 Qd8 14. Bh2 Nb6 15. d6
e6 16. Nxb6 Qxb6 17. Qc2 Nd7 18. Nd2 Qd8 19. Rad1 Rb8 20. a4 b6 21. Rfe1 Bb7 22.
Bf3 Qc8 23. Bxb7 Qxb7 24. Qe4 Rfd8 25. Qxb7 Rxb7 26. Nc4 Nb8 27. Re3 Nc6 28.
Red3 Rbd7 29. f4 f6 30. Re3 Kf7 31. g4 Na5 32. Nxa5 bxa5 33. f5 gxf5 34. gxf5 e5
35. Red3 Bf8 36. Kg2 Bxd6 37. Kf2 c4 38. Rd5 Bc5+ 0-1

[Event "TATA 14th IBCA Olympiad"]
[Site "Chennai IND"]
[Date "2012.08.12"]
[Round "3.4"]
[White "Avram, Veso"]
[Black "Murgia, Stefano"]
[Result "1-0"]
[WhiteElo "2127"]
[BlackElo "1709"]
[WhiteTeam "Serbia"]
[BlackTeam "Italy"]
[WhiteFideId "925330"]
[BlackFideId "876011"]
[EventDate "2012.08.10"]
[EventType "team"]

1. d4 f5 2. c4 Nf6 3. g3 g6 4. Bg2 Bg7 5. Nf3 d6 6. O-O O-O 7. d5 c6 8. Nc3 cxd5
9. cxd5 Na6 10. Nd4 Nc7 11. Qb3 Kh8 12. Rd1 Rb8 13. Nc6 bxc6 14. Qxb8 cxd5 15.
Nxd5 Ncxd5 16. Bxd5 Qa5 17. Qb3 Nxd5 18. Qxd5 Qxd5 19. Rxd5 Ba6 20. Bg5 Bc4 21.
Rd2 Re8 22. Rc1 Bxa2 23. Ra1 Bc4 24. Rxa7 d5 25. Rxe7 Rc8 26. Bf4 Kg8 27. Be5
Bh6 28. f4 Bf8 29. Rc7 Ra8 30. Kg2 Bb4 31. Bc3 Bf8 32. Kh3 Bb3 33. Rb7 Bc4 34.
b3 Ba6 35. Rc7 Rb8 36. Ra2 Rxb3 37. Rxa6 1-0

[Event "TATA 14th IBCA Olympiad"]
[Site "Chennai IND"]
[Date "2012.08.12"]
[Round "3.2"]
[White "Bibikov, Yuriy"]
[Black "Pirosca, Alexandru"]
[Result "1/2-1/2"]
[WhiteElo "2038"]
[BlackElo "2015"]
[WhiteTeam "Kazakhstan"]
[BlackTeam "Romania"]
[WhiteFideId "13705814"]
[BlackFideId "1211110"]
[EventDate "2012.08.10"]
[EventType "team"]

1. d4 Nf6 2. Nf3 g6 3. c4 Bg7 4. Nc3 d5 5. cxd5 Nxd5 6. g3 O-O 7. Bg2 Nb6 8. O-O
Nc6 9. e3 Re8 10. b3 e5 11. dxe5 Nxe5 12. Nxe5 Bxe5 13. Qc2 Bf5 14. e4 Bg4 15.
h3 Be6 16. Be3 Qf6 17. Rac1 c6 18. Ne2 Qe7 19. f4 Bh8 20. Bc5 Qc7 21. g4 f6 22.
Rcd1 Rad8 23. Rxd8 Rxd8 24. Rd1 Rxd1+ 25. Qxd1 Nc8 26. f5 Bf7 27. Qd2 b6 28. Be3
Qd6 29. Qc2 g5 30. Bf2 Ne7 31. Bg3 Qd7 32. Kh2 Bg7 33. Qc3 h6 34. Qd4 Qxd4 35.
Nxd4 Kf8 36. Bb8 a6 37. Kg3 c5 38. Nc2 Ke8 39. Kf3 Kd7 40. Ke3 Nc6 41. Bg3 Bf8
42. Bf1 b5 43. Kd2 Bd6 44. Bf2 Ne5 45. Ne1 Kc6 46. Kc2 Bg8 47. Be2 Bf7 48. Kc3
Bg8 49. Nc2 Bf7 50. a3 a5 51. Kb2 Bg8 52. Be1 Bc7 53. Ne3 Bb6 54. Nd1 c4 55. b4 1/2-1/2

[Event "TATA 14th IBCA Olympiad"]
[Site "Chennai IND"]
[Date "2012.08.12"]
[Round "3.4"]
[White "Tokabayev, A"]
[Black "Bursuc, Mihai"]
[Result "0-1"]
[WhiteElo "1947"]
[BlackElo "1948"]
[WhiteTeam "Kazakhstan"]
[BlackTeam "Romania"]
[WhiteFideId "13705210"]
[BlackFideId "1215086"]
[EventDate "2012.08.10"]
[EventType "team"]

1. d4 Nf6 2. c4 c5 3. d5 g6 4. Nc3 Bg7 5. e4 d6 6. f3 Na6 7. Be3 Bd7 8. Qd2 Qa5
9. Nge2 Nc7 10. Nc1 Rb8 11. Bd3 b5 12. O-O bxc4 13. Bxc4 O-O 14. Kh1 Qb4 15. Bb3
Nb5 16. a3 Qa5 17. Bd1 Nxc3 18. bxc3 Nxe4 19. fxe4 Bxc3 20. Qf2 Bxa1 21. Nb3
Rxb3 22. Bxb3 Bg7 23. Bg5 f6 24. Bc1 Bb5 25. Rd1 f5 26. Qh4 Bf6 27. Qf4 Be2 28.
Rg1 Bd4 29. Be3 Bg4 30. Qg3 Bxe3 31. Qxe3 f4 32. Qc1 f3 33. h3 fxg2+ 34. Kh2 0-1

[Event "TATA 14th IBCA Olympiad"]
[Site "Chennai IND"]
[Date "2012.08.12"]
[Round "3.1"]
[White "Magnusson, Jorgen"]
[Black "Mlacnik, Franc"]
[Result "1-0"]
[WhiteTitle "FM"]
[WhiteElo "2273"]
[BlackElo "2124"]
[WhiteTeam "Sweden"]
[BlackTeam "Slovenia"]
[WhiteFideId "1700880"]
[BlackFideId "14601923"]
[EventDate "2012.08.10"]
[EventType "team"]

1. g3 e6 2. Bg2 f5 3. d3 d5 4. Nd2 Nf6 5. b3 Bc5 6. Bb2 O-O 7. Ngf3 Nc6 8. O-O
Qe7 9. c4 d4 10. a3 a5 11. b4 axb4 12. axb4 Rxa1 13. Bxa1 Bxb4 14. Nxd4 Nxd4 15.
Bxd4 e5 16. Bb2 e4 17. Nb3 c5 18. Bxf6 Qxf6 19. dxe4 Be6 20. exf5 Bxc4 21. Bd5+
Bxd5 22. Qxd5+ Qf7 23. Qf3 Rd8 24. Rb1 Qd5 25. Qg4 Bc3 26. e4 Qd3 27. Rc1 b6 28.
f6 Bxf6 29. Qe6+ Kh8 30. Qxb6 c4 31. Nc5 Qd4 32. Qb5 Rc8 33. Rxc4 Qd3 34. Nxd3 1-0

[Event "TATA 14th IBCA Olympiad"]
[Site "Chennai IND"]
[Date "2012.08.12"]
[Round "3.2"]
[White "Muri, Emil"]
[Black "Berggren, Patrik"]
[Result "1-0"]
[WhiteElo "2018"]
[BlackElo "1935"]
[WhiteTeam "Slovenia"]
[BlackTeam "Sweden"]
[WhiteFideId "14601354"]
[BlackFideId "1709917"]
[EventDate "2012.08.10"]
[EventType "team"]

1. e4 d5 2. exd5 Qxd5 3. Nc3 Qa5 4. d4 c6 5. Bd2 Qb6 6. Nf3 Qxb2 7. Bc4 e6 8.
O-O Qb6 9. Re1 Nf6 10. Qe2 Be7 11. d5 cxd5 12. Nxd5 Nxd5 13. Bxd5 Nc6 14. Be4
Bf6 15. Rab1 Qc7 16. Rb3 Bd7 17. Bc3 Bxc3 18. Rxc3 Qa5 19. Rb3 Rb8 20. Rd1 Ke7
21. Qe3 Rhd8 22. Ra3 Qh5 23. Rb1 a6 24. Ng5 h6 25. Nf3 Kf8 26. Qf4 Qc5 27. Rab3
b5 28. Bd3 e5 29. Qh4 Be6 30. R3b2 Nd4 31. Qg3 Nxf3+ 32. Qxf3 Qd5 33. Be4 Qd7
34. Bd3 Bg4 35. Qe3 Qd4 36. Qg3 Be6 37. Rb4 Qc3 38. R4b2 Rbc8 39. h3 Bc4 40. Qg4
Bxd3 41. cxd3 Qxd3 42. Re1 Rc4 43. Qh5 f6 44. Rbe2 Rdd4 45. Re3 Qc2 46. Qf3 Qxa2
47. Rxe5 Rd8 48. Re7 Qd2 49. Qh5 Qxe1+ 50. Rxe1 Rc7 51. Qf3 a5 52. Qa3+ Kg8 53.
Qxa5 Rcd7 54. Qxb5 Rf7 55. Re8+ Rxe8 56. Qxe8+ Rf8 57. Qe6+ Kh8 58. g4 Ra8 59.
Kg2 Ra3 60. f3 Ra5 61. Kg3 Re5 62. Qc8+ Kh7 63. h4 Ra5 64. Qc2+ Kh8 65. Qd2 Rc5
66. f4 Kh7 67. Qd3+ Kh8 68. Qe3 Ra5 69. g5 Ra6 70. gxh6 gxh6 71. Kg4 Ra8 72. Qe7
Rg8+ 73. Kh5 Rg7 74. Qxf6 Kg8 75. Qxh6 Rf7 76. Qe6 Kg7 77. Qxf7+ Kxf7 78. Kg5 1-0

[Event "TATA 14th IBCA Olympiad"]
[Site "Chennai IND"]
[Date "2012.08.12"]
[Round "3.3"]
[White "Berggren, Marcus"]
[Black "Znuderl, Matej"]
[Result "1-0"]
[WhiteElo "1933"]
[BlackElo "1986"]
[WhiteTeam "Sweden"]
[BlackTeam "Slovenia"]
[WhiteFideId "1710036"]
[BlackFideId "14604337"]
[EventDate "2012.08.10"]
[EventType "team"]

1. e4 e6 2. d3 c5 3. Nf3 Nc6 4. Nbd2 Nf6 5. g3 d5 6. Bg2 Bd6 7. O-O O-O 8. Re1
Bc7 9. Qe2 Re8 10. Nf1 d4 11. e5 Nd5 12. Qe4 h6 13. h4 f5 14. exf6 Qxf6 15. N1h2
Bd7 16. Bh3 Rf8 17. Kg2 Rae8 18. Ng4 Qf7 19. Qe2 e5 20. h5 Kh8 21. Nd2 Qxh5 22.
Ne4 b6 23. Rh1 Qg6 24. Nxh6 Nf4+ 25. Bxf4 exf4 26. Bxd7 f3+ 27. Qxf3 Rxf3 28.
Bxe8 Rxg3+ 29. fxg3 Qxe8 30. Nf7+ Kg8 31. Rh8+ Kxf7 32. Ng5+ Kg6 33. Rxe8 Kxg5
34. Rc8 Nb4 35. Rxc7 Nxc2 36. Rh1 Nb4 37. Rxg7+ Kf6 38. Rxa7 Nxd3 39. Rh6+ Ke5
40. Rxb6 Ke4 41. Re7+ Kd5 42. a4 c4 43. Rb5+ Kd6 44. Re4 Nxb2 45. Rxd4+ Kc6 46.
Rxb2 Kc5 47. Rxc4+ 1-0

[Event "TATA 14th IBCA Olympiad"]
[Site "Chennai IND"]
[Date "2012.08.12"]
[Round "3.1"]
[White "Kakade, Atul"]
[Black "Torres, Saulo De Jesus"]
[Result "1-0"]
[WhiteElo "1647"]
[BlackElo "1914"]
[WhiteTeam "India - B"]
[BlackTeam "Columbia"]
[WhiteFideId "25010271"]
[BlackFideId "4403622"]
[EventDate "2012.08.10"]
[EventType "team"]

1. e4 c5 2. Nf3 Nc6 3. d4 cxd4 4. Nxd4 g6 5. Nc3 Bg7 6. Be3 Nf6 7. Qd2 O-O 8. f3
d5 9. Nxc6 bxc6 10. exd5 Nxd5 11. Nxd5 cxd5 12. c3 Qa5 13. Be2 Rd8 14. O-O d4
15. cxd4 Qxd2 16. Bxd2 Bxd4+ 17. Kh1 Bxb2 18. Rad1 Be6 19. Bb4 Bxa2 20. Bxe7
Rxd1 21. Bxd1 Bd4 22. Ba4 a5 23. Rd1 Rb8 24. Rxd4 Kg7 25. h3 h6 26. Kh2 Be6 27.
Rd8 Rb7 28. Bc5 Kf6 29. Ra8 Rc7 30. Rxa5 Bf5 31. Bd4+ Ke7 32. Ra7 Rxa7 33. Bxa7
Be6 34. Be3 h5 35. h4 f6 36. Bb5 Kf7 37. Kg3 Bb3 38. Kf4 Be6 39. Ke4 Ke7 40.
Bc5+ Kf7 41. f4 Bf5+ 42. Kd5 Be6+ 43. Kd6 Bf5 44. Bc4+ Kf8 45. Bd4 Be4 46. g3 f5
47. Ke6 Bc6 48. Kf6 Be8 49. Bc5# 1-0

[Event "TATA 14th IBCA Olympiad"]
[Site "Chennai IND"]
[Date "2012.08.12"]
[Round "3.2"]
[White "Rico Hernandez, Edgar"]
[Black "Patel, Darshan blind"]
[Result "1-0"]
[WhiteElo "1884"]
[BlackElo "1811"]
[WhiteTeam "Columbia"]
[BlackTeam "India - B"]
[WhiteFideId "4427823"]
[BlackFideId "5051436"]
[EventDate "2012.08.10"]
[EventType "team"]

1. d4 Nf6 2. Nf3 g6 3. c4 d5 4. e3 Bg7 5. Nc3 O-O 6. Be2 b6 7. O-O Bb7 8. Nd2 e6
9. Bf3 c5 10. dxc5 bxc5 11. Qb3 Bc6 12. cxd5 exd5 13. Qc2 Nbd7 14. Nb3 Ne5 15.
Be2 d4 16. exd4 cxd4 17. Rd1 d3 18. Bxd3 Nxd3 19. Rxd3 Qc8 20. Qd1 Ne4 21. Nd4
Bb7 22. Be3 Rd8 23. Rc1 Qd7 24. Nxe4 Bxe4 25. Rd2 Qe8 26. b3 Bb7 27. Rc7 Bxd4
28. Bxd4 Rd7 29. Rxd7 Qxd7 30. Bf6 Qe8 31. Qa1 Qc6 32. f3 Rc8 33. Rd1 Qc5+ 34.
Kh1 h5 35. Bh8 Qf8 36. Bf6 Kh7 37. h3 Qc5 38. Bd4 Qc7 39. Be3 Qg3 40. Qf6 Qc7
41. Bd4 Rg8 42. Re1 Kh6 43. h4 Qd8 44. Re7 Bd5 45. Qg5+ Kh7 46. Be3 Qf8 47. Rxa7
Be6 48. b4 Qg7 49. b5 Rb8 50. b6 Qb2 51. a4 Rxb6 1-0